000 00412cam a2200157ua 4500
020 _cRs.6/-
041 _amal
_h
082 _a894.81209
_bBAL/NO
100 _aBalakrishnan, .
245 _aNovel Siddhiyum sadhanayum /
_cBalakrishnan P.K.
_hTextual Documents
260 _a :
_bSahitiya pravarthaka C.S. Ltd ,
_c1968.
300 _a327 ; .
365 _aRs.6/-
504 _a
999 _c11740
_d11740